[Event "POL-chT blind"]
[Site "Wagrowiec"]
[Date "2016.11.16"]
[Round "6.7"]
[White "Kulik, Roman"]
[Black "Szydlowski, Wiktor"]
[Result "0-1"]
[WhiteElo "1743"]
[BlackElo "1781"]
[PlyCount "44"]
[EventDate "2016.11.11"]
[EventType "team-tourn"]
[EventRounds "9"]
[EventCountry "POL"]
[SourceTitle "EXT 2019"]
[Source "ChessBase"]
[SourceDate "2018.10.10"]
[SourceVersion "1"]
[SourceVersionDate "2018.10.10"]
[SourceQuality "1"]

1. Nf3 d5 2. d4 Nf6 3. Bg5 e6 4. e3 Be7 5. Nbd2 0-0 6. Be2 Nbd7 7. 0-0 c5 8. c4 cxd4 9. Nxd4 dxc4 10. Nxc4 a6 11. Nb3 Nd5 12. Bxe7 Qxe7 13. Bf3 Rd8 14. Qe2 Rb8 15. Rfd1 N7f6 16. Rd2 Bd7 17. Rad1 h6 18. Nc1 Bb5 19. b3 Rbc8 20. Rc2 Nb4 21. Rc3 Nfd5 22. Bxd5 exd5 0-1

[Event "POL-chT blind"]
[Site "Wagrowiec"]
[Date "2016.11.15"]
[Round "5.14"]
[White "Myszka, Zygmunt"]
[Black "Kulik, Roman"]
[Result "1-0"]
[WhiteElo "1848"]
[BlackElo "1743"]
[PlyCount "57"]
[EventDate "2016.11.11"]
[EventType "team-tourn"]
[EventRounds "9"]
[EventCountry "POL"]
[SourceTitle "EXT 2019"]
[Source "ChessBase"]
[SourceDate "2018.10.10"]
[SourceVersion "1"]
[SourceVersionDate "2018.10.10"]
[SourceQuality "1"]

1. e4 e6 2. d4 d5 3. Nd2 Nd7 4. e5 Ne7 5. f4 Nf5 6. Ndf3 g6 7. Bd3 c5 8. c3 c4 9. Bxf5 gxf5 10. Ng5 Be7 11. Qh5 Bxg5 12. fxg5 Qe7 13. Nf3 Nf8 14. b3 Ng6 15. g3 Qc7 16. b4 Bd7 17. a4 a5 18. b5 b6 19. 0-0 0-0-0 20. Ne1 Rdg8 21. Ng2 Be8 22. Qf3 Ne7 23. Kf2 h5 24. gxh6 Rh7 25. Nh4 Rgh8 26. Rh1 Ng8 27. Bg5 Nxh6 28. h3 Ng8 29. Rag1 1-0

[Event "POL-chT blind"]
[Site "Wagrowiec"]
[Date "2016.11.12"]
[Round "2.13"]
[White "Kulik, Roman"]
[Black "Wojcieszyn, Zdzislaw"]
[Result "0-1"]
[WhiteElo "1743"]
[BlackElo "1914"]
[PlyCount "50"]
[EventDate "2016.11.11"]
[EventType "team-tourn"]
[EventRounds "9"]
[EventCountry "POL"]
[SourceTitle "EXT 2019"]
[Source "ChessBase"]
[SourceDate "2018.10.10"]
[SourceVersion "1"]
[SourceVersionDate "2018.10.10"]
[SourceQuality "1"]

1. Nf3 c5 2. c4 Nc6 3. Nc3 g6 4. d3 Bg7 5. g3 Nf6 6. Bg2 0-0 7. 0-0 a6 8. Bd2 Rb8 9. a4 d6 10. Rb1 Bd7 11. b3 Nb4 12. Qc1 Re8 13. Nd1 Bc6 14. Ne3 e5 15. Bxb4 cxb4 16. Nc2 a5 17. e4 Nd7 18. Qd1 f5 19. exf5 gxf5 20. Nh4 Qg5 21. Bxc6 bxc6 22. f4 exf4 23. Rxf4 Rf8 24. Qf1 Rbe8 25. Rxf5 Qd2 0-1

[Event "Ramsowo Grunwald Cup 24th"]
[Site "Ramsowo"]
[Date "2009.09.20"]
[Round "2.11"]
[White "Kulik, Roman"]
[Black "Zarow, Zdzislaw"]
[Result "0-1"]
[WhiteElo "1879"]
[BlackElo "2016"]
[PlyCount "70"]
[EventDate "2009.09.19"]
[EventType "swiss"]
[EventRounds "9"]
[EventCountry "POL"]
[SourceTitle "EXT 2023"]
[Source "ChessBase"]
[SourceDate "2022.10.05"]
[SourceVersion "1"]
[SourceVersionDate "2022.10.05"]
[SourceQuality "1"]

1. e4 e5 2. Nf3 Nc6 3. Nc3 Nf6 4. d3 d6 5. Be2 a6 6. a4 Be7 7. 0-0 Bd7 8. Bd2 0-0 9. b3 Nd4 10. Nxd4 exd4 11. Nb1 Ne8 12. Bf4 f5 13. exf5 Bxf5 14. Bg3 b6 15. Nd2 Bf6 16. Bg4 Qd7 17. Bxf5 Qxf5 18. Ne4 Be5 19. Bxe5 dxe5 20. Qd2 Nd6 21. Ng3 Qg4 22. Rae1 Rae8 23. Re2 Rf6 24. Rfe1 Rfe6 25. f3 Qh4 26. Ne4 Rh6 27. g3 Rg6 28. Rg2 Qh3 29. Nf2 Qf5 30. f4 Rf6 31. fxe5 Rxe5 32. Rxe5 Qxe5 33. Nh3 Nf5 34. Nf4 Ne3 35. Rf2 Rc6 0-1

[Event "Grunwald Cup 23rd blind"]
[Site "Dadaj"]
[Date "2008.09.29"]
[Round "9"]
[White "Kulik, Roman"]
[Black "Wolak, Tomasz"]
[Result "1/2-1/2"]
[WhiteElo "1888"]
[BlackElo "1971"]
[PlyCount "49"]
[EventDate "2008.09.21"]
[EventType "swiss"]
[EventRounds "9"]
[EventCountry "POL"]
[SourceTitle "CBM 126 Extra"]
[Source "ChessBase"]
[SourceDate "2008.11.05"]
[SourceVersion "1"]
[SourceVersionDate "2008.11.05"]
[SourceQuality "1"]

1. d4 c5 2. c3 e6 3. Nf3 Nc6 4. e3 b6 5. Be2 Bb7 6. 0-0 f5 7. Ne5 Nf6 8. f4 Ne4 9. Nd2 d6 10. Nef3 Nxd2 11. Bxd2 Be7 12. Qa4 0-0 13. Ba6 Bxa6 14. Qxa6 Qc7 15. Rac1 Bf6 16. Qd3 Rae8 17. d5 Nd8 18. dxe6 g6 19. Rcd1 Rxe6 20. Bc1 Nf7 21. Qc4 Re4 22. Qb3 Rfe8 23. Rd5 Qc6 24. Rfd1 Qa4 25. Qxa4 1/2-1/2

[Event "Grunwald Cup 23rd blind"]
[Site "Dadaj"]
[Date "2008.09.28"]
[Round "8"]
[White "Fries, Elisabeth"]
[Black "Kulik, Roman"]
[Result "1/2-1/2"]
[WhiteElo "1738"]
[BlackElo "1888"]
[PlyCount "44"]
[EventDate "2008.09.21"]
[EventType "swiss"]
[EventRounds "9"]
[EventCountry "POL"]
[SourceTitle "CBM 126 Extra"]
[Source "ChessBase"]
[SourceDate "2008.11.05"]
[SourceVersion "1"]
[SourceVersionDate "2008.11.05"]
[SourceQuality "1"]

1. d4 Nf6 2. Nf3 d5 3. c4 c6 4. e3 Bf5 5. Bd3 Bxd3 6. Qxd3 e6 7. 0-0 Be7 8. Nc3 0-0 9. Re1 Nbd7 10. e4 dxe4 11. Nxe4 Nxe4 12. Qxe4 Nf6 13. Qe2 Re8 14. Bd2 Qb6 15. Bc3 Bb4 16. Bxb4 Qxb4 17. b3 c5 18. Rad1 Rad8 19. Qe5 cxd4 20. Rxd4 Rxd4 21. Qxd4 b6 22. Rd1 h6 1/2-1/2

[Event "Grunwald Cup 23rd blind"]
[Site "Dadaj"]
[Date "2008.09.24"]
[Round "4"]
[White "Kulik, Roman"]
[Black "Wyrzykowski, Jozef"]
[Result "1/2-1/2"]
[WhiteElo "1888"]
[BlackElo "1786"]
[PlyCount "103"]
[EventDate "2008.09.21"]
[EventType "swiss"]
[EventRounds "9"]
[EventCountry "POL"]
[SourceTitle "CBM 126 Extra"]
[Source "ChessBase"]
[SourceDate "2008.11.05"]
[SourceVersion "1"]
[SourceVersionDate "2008.11.05"]
[SourceQuality "1"]

1. e4 e5 2. Nf3 Nc6 3. Bc4 Be7 4. 0-0 Nf6 5. d3 h6 6. Nc3 d6 7. h3 Bd7 8. Nd5 Na5 9. Nxf6+ Bxf6 10. Bb3 Nxb3 11. axb3 0-0 12. Be3 b6 13. Qd2 a5 14. b4 a4 15. c4 c6 16. Ra3 b5 17. Rfa1 Qc7 18. b3 Qb7 19. bxa4 bxa4 20. Rxa4 Rxa4 21. Rxa4 Ra8 22. Qa2 Rxa4 23. Qxa4 Qc8 24. Qd1 Qb7 25. Bd2 Be7 26. Bc3 f5 27. exf5 Bxf5 28. Nh2 Qa6 29. Ng4 Qa3 30. Ne3 Bc8 31. Qa1 Qxa1+ 32. Bxa1 Kf7 33. d4 exd4 34. Bxd4 Ba6 35. c5 d5 36. Nf5 Bf6 37. f4 Bd3 38. Bxf6 Bxf5 39. Bd4 h5 40. Kf2 g6 41. Ke3 Ke7 42. Bc3 Kd7 43. Kd4 Ke6 44. Be1 Be4 45. g4 Bg2 46. gxh5 gxh5 47. h4 Bf1 48. Bg3 Kf5 49. Ke3 Kg4 50. Be1 Kf5 51. Bc3 Kg4 52. Bf6 1/2-1/2

[Event "Grunwald Cup 23rd blind"]
[Site "Dadaj"]
[Date "2008.09.22"]
[Round "2"]
[White "Schellmann, Frank"]
[Black "Kulik, Roman"]
[Result "1-0"]
[WhiteElo "2149"]
[BlackElo "1888"]
[PlyCount "53"]
[EventDate "2008.09.21"]
[EventType "swiss"]
[EventRounds "9"]
[EventCountry "POL"]
[SourceTitle "CBM 126 Extra"]
[Source "ChessBase"]
[SourceDate "2008.11.05"]
[SourceVersion "1"]
[SourceVersionDate "2008.11.05"]
[SourceQuality "1"]

1. e4 c6 2. d4 d5 3. e5 Bf5 4. Nf3 e6 5. Be2 Ne7 6. 0-0 Ng6 7. Ne1 Ne7 8. Nd3 h6 9. Nd2 Nd7 10. Nb3 Nc8 11. Be3 Be7 12. Nf4 Ncb6 13. g4 Bh7 14. Nh5 Rg8 15. a4 Nc4 16. Bc1 Qc7 17. a5 a6 18. Ng3 c5 19. c3 b5 20. axb6 Qxb6 21. dxc5 Nxc5 22. Bxc4 dxc4 23. Nxc5 Bxc5 24. Qa4+ Ke7 25. Qxc4 Rgc8 26. Qf4 Rd8 27. b4 1-0

[Event "Grunwald Cup 23rd blind"]
[Site "Dadaj"]
[Date "2008.09.21"]
[Round "1"]
[White "Mueller, Manfred"]
[Black "Kulik, Roman"]
[Result "1-0"]
[WhiteElo "2116"]
[BlackElo "1888"]
[PlyCount "59"]
[EventDate "2008.09.21"]
[EventType "swiss"]
[EventRounds "9"]
[EventCountry "POL"]
[SourceTitle "CBM 126 Extra"]
[Source "ChessBase"]
[SourceDate "2008.11.05"]
[SourceVersion "1"]
[SourceVersionDate "2008.11.05"]
[SourceQuality "1"]

1. e4 e6 2. d4 d5 3. Nd2 Nf6 4. e5 Nfd7 5. Bd3 c5 6. c3 Nc6 7. Ne2 cxd4 8. cxd4 Qb6 9. Nf3 Bb4+ 10. Bd2 Bxd2+ 11. Qxd2 f6 12. exf6 Nxf6 13. 0-0 0-0 14. Rac1 Bd7 15. Rc3 Qd8 16. Rfc1 Qe7 17. Bb1 Rac8 18. Qg5 Ne4 19. Bxe4 dxe4 20. Qxe7 Nxe7 21. Ng5 Nd5 22. Rxc8 Rxc8 23. Rxc8+ Bxc8 24. Nxe4 b6 25. a3 Ba6 26. N2c3 Nf4 27. f3 Nd3 28. b4 Nb2 29. b5 Bb7 30. Nd6 1-0

[Event "POL-chT Blind Gr A"]
[Site "Zakopane"]
[Date "2008.03.15"]
[Round "7.4"]
[White "Migala, Andrzej"]
[Black "Kulik, Roman"]
[Result "1-0"]
[WhiteElo "2085"]
[BlackElo "1942"]
[PlyCount "61"]
[EventDate "2008.03.09"]
[EventType "team-swiss"]
[EventRounds "10"]
[EventCountry "POL"]
[SourceTitle "EXT 2019"]
[Source "ChessBase"]
[SourceDate "2018.10.10"]
[SourceVersion "1"]
[SourceVersionDate "2018.10.10"]
[SourceQuality "1"]

1. e4 e6 2. d4 d5 3. e5 c5 4. c3 Nc6 5. Nf3 cxd4 6. cxd4 Bb4+ 7. Bd2 Bxd2+ 8. Qxd2 Qa5 9. Qxa5 Nxa5 10. Nc3 Bd7 11. b3 Ne7 12. Bd3 0-0 13. Rc1 Rac8 14. Kd2 a6 15. Ne2 b5 16. Rxc8 Rxc8 17. Rc1 h6 18. Rxc8+ Bxc8 19. Kc3 Nec6 20. a3 Kf8 21. h4 Ke7 22. Nh2 f6 23. f4 f5 24. g4 g6 25. Ng3 Kf7 26. h5 gxh5 27. gxf5 h4 28. fxe6+ Bxe6 29. Ngf1 Nd8 30. f5 Bc8 31. Ne3 1-0

[Event "POL-chT Blind Gr A"]
[Site "Zakopane"]
[Date "2008.03.11"]
[Round "3.14"]
[White "Gosek, Zenon"]
[Black "Kulik, Roman"]
[Result "1-0"]
[WhiteElo "2079"]
[BlackElo "1942"]
[PlyCount "69"]
[EventDate "2008.03.09"]
[EventType "team-swiss"]
[EventRounds "10"]
[EventCountry "POL"]
[SourceTitle "EXT 2019"]
[Source "ChessBase"]
[SourceDate "2018.10.10"]
[SourceVersion "1"]
[SourceVersionDate "2018.10.10"]
[SourceQuality "1"]

1. e4 c5 2. Nf3 Nc6 3. Nc3 a6 4. a4 Nf6 5. Bc4 e6 6. 0-0 d6 7. h3 Be7 8. d4 cxd4 9. Nxd4 Qc7 10. Bb3 0-0 11. Be3 Bd7 12. f4 Nb4 13. Qf3 Bc6 14. a5 Rac8 15. f5 e5 16. Nxc6 Nxc6 17. Bb6 Qb8 18. Rfd1 Bd8 19. Bxd8 Rfxd8 20. g4 Nd4 21. Qf2 Nxb3 22. cxb3 Nd7 23. b4 Rf8 24. Rac1 f6 25. Nd5 Rc6 26. Rc3 Rxc3 27. bxc3 Rd8 28. h4 h6 29. Kg2 Kf7 30. Kf3 Rc8 31. Qe3 Rc6 32. Rg1 b6 33. g5 hxg5 34. hxg5 fxg5 35. Qxg5 1-0

[Event "POL-chT Blind Gr A"]
[Site "Zakopane"]
[Date "2008.03.11"]
[Round "2.4"]
[White "Kulik, Roman"]
[Black "Siluk, Zygmunt"]
[Result "1/2-1/2"]
[WhiteElo "1942"]
[BlackElo "2032"]
[PlyCount "53"]
[EventDate "2008.03.09"]
[EventType "team-swiss"]
[EventRounds "10"]
[EventCountry "POL"]
[SourceTitle "EXT 2019"]
[Source "ChessBase"]
[SourceDate "2018.10.10"]
[SourceVersion "1"]
[SourceVersionDate "2018.10.10"]
[SourceQuality "1"]

1. d4 d5 2. Nf3 Nf6 3. e3 Bf5 4. Bd3 Bxd3 5. Qxd3 c6 6. Nbd2 e6 7. 0-0 Be7 8. e4 dxe4 9. Nxe4 Nbd7 10. c3 0-0 11. Qe2 Nxe4 12. Qxe4 Nf6 13. Qe2 Nd5 14. Be3 Qc7 15. Rad1 Rae8 16. Bc1 Bd6 17. Rfe1 f6 18. Qc2 Qf7 19. h3 g5 20. a3 h6 21. Re2 Re7 22. Rde1 Kg7 23. c4 Nf4 24. Bxf4 Bxf4 25. d5 cxd5 26. cxd5 Rc7 27. Qa4 1/2-1/2

[Event "Grunwald Cup 22nd blind"]
[Site "Dadaj"]
[Date "2007.09.27"]
[Round "6"]
[White "Kulik, Roman"]
[Black "Suder, Ryszard"]
[Result "0-1"]
[WhiteElo "1940"]
[BlackElo "2209"]
[PlyCount "43"]
[EventDate "2007.09.24"]
[EventType "swiss"]
[EventRounds "9"]
[EventCountry "POL"]
[SourceTitle "EXT 2009"]
[Source "ChessBase"]
[SourceDate "2008.11.26"]
[SourceVersion "1"]
[SourceVersionDate "2008.11.26"]
[SourceQuality "1"]

1. c4 Nf6 2. Nc3 g6 3. Nf3 Bg7 4. g3 0-0 5. Bg2 c6 6. d3 d5 7. cxd5 cxd5 8. Rb1 Nc6 9. b3 Bf5 10. 0-0 Qd7 11. Re1 h6 12. Bb2 Rfe8 13. Qd2 Bh3 14. Bh1 e5 15. e4 Rad8 16. Red1 d4 17. Ne2 Nh5 18. Nh4 Kh7 19. f4 exf4 20. Nxf4 Nxf4 21. Qxf4 g5 22. Qf2 0-1

[Event "Grunwald Cup 20th blind"]
[Site "Dadaj"]
[Date "2005.09.10"]
[Round "2"]
[White "Tatarczak, Jan"]
[Black "Kulik, Roman"]
[Result "1-0"]
[WhiteElo "2130"]
[BlackElo "1993"]
[PlyCount "53"]
[EventDate "2005.09.09"]
[EventType "swiss"]
[EventRounds "9"]
[EventCountry "POL"]
[SourceTitle "EXT 2006"]
[Source "ChessBase"]
[SourceDate "2005.11.24"]
[SourceVersion "1"]
[SourceVersionDate "2005.11.24"]
[SourceQuality "1"]

1. e4 e6 2. d4 d5 3. e5 c5 4. c3 Nc6 5. Nf3 Bd7 6. Bd3 Qb6 7. dxc5 Bxc5 8. 0-0 Qc7 9. Qe2 Nge7 10. b4 Bb6 11. a4 a5 12. b5 Nd8 13. Ba3 Bc5 14. Rc1 b6 15. Bxc5 bxc5 16. c4 d4 17. Nbd2 Ng6 18. g3 Rb8 19. h4 Bc8 20. h5 Nf8 21. Re1 Nd7 22. Nb3 Nb7 23. Qe4 Nd8 24. Qg4 g6 25. Qh4 Rf8 26. Nbd2 Nb6 27. Ne4 1-0

[Event "Wisla Fianchetto op 5th"]
[Site "Wisla"]
[Date "2000.10.13"]
[Round "8.5"]
[White "Szneider, Kazimierz"]
[Black "Kulik, Roman"]
[Result "1-0"]
[WhiteElo "2007"]
[BlackElo "2004"]
[PlyCount "39"]
[EventDate "2000.10.??"]
[EventType "swiss"]
[EventRounds "11"]
[EventCountry "POL"]
[SourceTitle "EXT 2005"]
[Source "ChessBase"]
[SourceDate "2004.11.15"]
[SourceVersion "1"]
[SourceVersionDate "2004.11.15"]
[SourceQuality "1"]

1. d4 Nf6 2. c4 d6 3. Nc3 g6 4. e4 Bg7 5. f3 Nc6 6. Be3 e5 7. d5 Ne7 8. Qd2 Nfg8 9. g4 h5 10. h4 Nf6 11. Nge2 b6 12. 0-0-0 Bb7 13. Ng3 Qd7 14. gxh5 Nxh5 15. Nxh5 gxh5 16. Rg1 Bf6 17. Bg5 Bxg5 18. Qxg5 0-0-0 19. f4 exf4 20. Qxf4 1-0

[Event "Wisla Fianchetto op 5th"]
[Site "Wisla"]
[Date "2000.10.10"]
[Round "5.4"]
[White "Kulik, Roman"]
[Black "Kozicz, Andrzej"]
[Result "1-0"]
[WhiteElo "2004"]
[BlackElo "2038"]
[PlyCount "110"]
[EventDate "2000.10.??"]
[EventType "swiss"]
[EventRounds "11"]
[EventCountry "POL"]
[SourceTitle "EXT 2005"]
[Source "ChessBase"]
[SourceDate "2004.11.15"]
[SourceVersion "1"]
[SourceVersionDate "2004.11.15"]
[SourceQuality "1"]

1. e4 c5 2. Nf3 Nc6 3. d4 cxd4 4. Nxd4 Nf6 5. Nc3 e6 6. a3 a6 7. Be3 Qc7 8. Be2 b5 9. 0-0 Be7 10. Nxc6 dxc6 11. f4 Bb7 12. Bf3 0-0 13. e5 Nd5 14. Nxd5 cxd5 15. c3 Bc5 16. Bxc5 Qxc5+ 17. Kh1 Rad8 18. Qe2 Rd7 19. Rad1 Rfd8 20. Rd4 a5 21. Rfd1 Ba6 22. Qe1 Rb8 23. h3 g6 24. Be2 Rc7 25. Qh4 Qe7 26. Qf2 Bc8 27. Qf1 Bd7 28. Qf2 Bc8 29. Qf1 Bd7 30. Qf2 Rcb7 31. Bf1 b4 32. axb4 axb4 33. c4 Ba4 34. R1d2 Bb3 35. cxd5 Bxd5 36. Bc4 Bc6 37. Rd6 Rc7 38. b3 Kg7 39. Kh2 Bb5 40. Bxb5 Rxb5 41. R2d4 Rc3 42. Rd7 Qe8 43. Qh4 Rb8 44. Qf6+ Kg8 45. Rd8 Rxd8 46. Rxd8 Qxd8 47. Qxd8+ Kg7 48. Qd1 Kg8 49. g4 Kg7 50. h4 Kg8 51. h5 Kg7 52. Kg2 Re3 53. Qd8 Re2+ 54. Kf3 Rh2 55. Kg3 Rb2 1-0

[Event "Wisla Fianchetto op 5th"]
[Site "Wisla"]
[Date "2000.10.08"]
[Round "2.11"]
[White "Jagiela, Piotr"]
[Black "Kulik, Roman"]
[Result "0-1"]
[WhiteElo "2025"]
[BlackElo "2004"]
[PlyCount "26"]
[EventDate "2000.10.??"]
[EventType "swiss"]
[EventRounds "11"]
[EventCountry "POL"]
[SourceTitle "EXT 2005"]
[Source "ChessBase"]
[SourceDate "2004.11.15"]
[SourceVersion "1"]
[SourceVersionDate "2004.11.15"]
[SourceQuality "1"]

1. d4 Nf6 2. g3 g6 3. Bf4 Bg7 4. e3 0-0 5. h3 c5 6. c3 cxd4 7. exd4 Qb6 8. Qb3 Qxb3 9. axb3 Nc6 10. b4 d6 11. b5 Nd8 12. Be2 Nd7 13. Be3 b6 0-1